K efektívnej alokácii verejných projektov
Problémom pri rozhodovaní o alokácii verejných prostriedkov na financovanie konkrétneho verejného projektu je rôznorodosť potrieb a spôsob ich ocenenia. Z uvedeného dôvodu sa nedajú hodnotiť všetky typy projektov tradičnými spôsobmi vychádzajúcimi z analýzy nákladov a výnosov, ale sa musia kombinova...
Gespeichert in:
| 1. Verfasser: | |
|---|---|
| Weitere Verfasser: | |
| Format: | Buchkapitel |
| Sprache: | Slowakisch |
| Schlagworte: | |
| Tags: |
Keine Tags, Fügen Sie das erste Tag hinzu!
|
MARC
| LEADER | 00000nla a2200000 4500 | ||
|---|---|---|---|
| 001 | 0190171 | ||
| 005 | 20240502073211.5 | ||
| 041 | 0 | |a slo | |
| 044 | |a SK | ||
| 245 | 1 | 0 | |a K efektívnej alokácii verejných projektov |c Ingrid Šabíková |
| 520 | |a Problémom pri rozhodovaní o alokácii verejných prostriedkov na financovanie konkrétneho verejného projektu je rôznorodosť potrieb a spôsob ich ocenenia. Z uvedeného dôvodu sa nedajú hodnotiť všetky typy projektov tradičnými spôsobmi vychádzajúcimi z analýzy nákladov a výnosov, ale sa musia kombinovať s ďalšími hodnotiacimi postupmi. Jedným z nich je multikriteriálna analýza. | ||
| 610 | 2 | 0 | |a projekty |
| 610 | 2 | 0 | |a financovanie |
| 610 | 2 | 0 | |a riadenie finančné |
| 610 | 2 | 0 | |a rozhodovanie finančné |
| 610 | 2 | 0 | |a analýza nákladov a výnosov |
| 610 | 2 | 0 | |a zdroje finančné cudzie |
| 610 | 2 | 0 | |a fondy Európskej únie |
| 610 | 2 | 0 | |a samospráva |
| 610 | 2 | 0 | |a obce |
| 100 | 1 | |a Šabíková, Ingrid | |
| 700 | 1 | |a Čiernik, Anton | |